000 00476nam a22001457a 4500
003 MACL
005 20190529160237.0
008 190529b xxu||||| |||| 00| 0 eng d
040 _cMACL
100 _aचौबे,डॉ. झारखण्‍डे
_975036
245 _aइतिहास दर्शन
260 _aवाराणसी
_bविश्‍वविद्यालय प्रकाशन
_c2017
650 _aइतिहास
_975037
942 _2ddc
_cHIN
999 _c59901
_d59901